NUMERICAL SIMULATION AND EXPERIMENTATION TO STUDY THE CHOPPING EFFECT OF RPG-7 ROUND FOR DESIGN OF SLAT ARMOR / (Record no. 525195)

000 -LEADER
fixed length control field 00584nam a22001697a 4500
003 - CONTROL NUMBER IDENTIFIER
control field NUST
038 ## - RECORD CONTENT LICENSOR
Staff Name Mr. Zahoor
082 ## - DEWEY DECIMAL CLASSIFICATION NUMBER
Classification number 620.1
100 ## - MAIN ENTRY--PERSONAL NAME
Personal name Muhammad Zubair Iqbal
9 (RLIN) 15942
245 ## - TITLE STATEMENT
Title NUMERICAL SIMULATION AND EXPERIMENTATION TO STUDY THE CHOPPING EFFECT OF RPG-7 ROUND FOR DESIGN OF SLAT ARMOR /
Statement of responsibility, etc. Muhammad Zubair Iqbal
260 ## - PUBLICATION, DISTRIBUTION, ETC.
Place of publication, distribution, etc. Islamabad :
Name of publisher, distributor, etc. SMME - NUST,
Date of publication, distribution, etc. 2016.
300 ## - PHYSICAL DESCRIPTION
Extent xiii, 56 p. ; ill. :
500 ## - GENERAL NOTE
General note Hardcover.
600 ## - SUBJECT ADDED ENTRY--PERSONAL NAME
Personal name Mechanical Engineering - MS Thesis
9 (RLIN) 15652
856 ## - ELECTRONIC LOCATION AND ACCESS
Uniform Resource Identifier <a href="http://10.250.8.41:8080/xmlui/handle/123456789/38766">http://10.250.8.41:8080/xmlui/handle/123456789/38766</a>
942 ## - ADDED ENTRY ELEMENTS (KOHA)
Source of classification or shelving scheme
Koha item type Thesis
Holdings
Withdrawn status Lost status Source of classification or shelving scheme Damaged status Not for loan Permanent Location Current Location Shelving location Date acquired Full call number Barcode Date last seen Price effective from Koha item type
          Central Library (CL) Central Library (CL) Thesis 06/28/2019 620.1 CL-T-1907 06/30/2019 06/28/2019 Thesis
© 2023 Central Library, National University of Sciences and Technology. All Rights Reserved.